000 00925nam a2200241Ia 4500
999 _c47133
_d47133
001 13991
003 GE_BSU
005 20221128144432.0
008 181216s2013||||xx |||||||||||||| ||geo||
020 _a9789941059216x
040 _cGE_BSU
041 _ageo
080 _a159.9.01 ი-47
100 _aიმედაძე, ირაკლი
_95687
245 _aგამოკვლევები თეორიულ ფსიქოლოგიაში :
_b[კრებული] /
_cირაკლი იმედაძე ; რედ. ზ. ვახანია.
264 _aთბილისი:
_bმერიდიანი,
_c2013.
300 _a313 გვ.;
_b20 სმ.
504 _aბიბლიოგრ.: გვ. 311-313.
541 _h11ლ.50თ.
653 _aფსიქოლოგია
700 _aვახანია, ზ.
_eრედაქტორი
_916156
942 _cBK
_2udc